Estándar para la documentación de registros biológicos (Registro nro. 4769)

Detalles MARC
000 -CABECERA
Campo de control 00926nam a2200253 a 4500
005 - FECHA Y HORA DE LA ULTIMA TRANSACCION
Campo de control 20171127104945.0
008 - ELEMENTOS DE LONGITUD FIJA—INFORMACION GENERAL
Campo de control 140123b2005 ck d||||r|||| 00| 0 spa d
020 ## - ISBN
ISBN 9588151422
040 ## - FUENTE DE CATALOGACIÓN
Agencia catalogadora original CO-BoIAVH
Agencia transcriptora CO-BoIAVH
041 0# - IDIOMA
Código de idioma para texto/pista de sonido o título separado Español
044 ## - PAÍS DE PUBLICACIÓN
País de publicación Colombia
082 04 - NUMERO DE CLASIFICACION DECIMAL DEWEY
Número de clasificación 025.3
Número del ítem S96e
100 1# - ASIENTO PRINCIPAL--NOMBRE PERSONAL
Nombre personal Suárez-Mayorga, Ángela M.
Término relacionado autora
9 (RLIN) 2038
245 10 - MENCION DE TITULO
Título Estándar para la documentación de registros biológicos
260 ## - PUBLICACION, DISTRIBUCION, ETC. (PIE DE IMPRENTA)
Lugar de publicación, distribución, etc. Bogotá :
Nombre del editor, distribuidor, etc. Instituto de Investigación de Recursos Biológicos Alexander von Humboldt,
Fecha de publicación, distribución, etc. 2005.
300 ## - DESCRIPCION FISICA
Extensión 64 páginas :
Otros detalles físicos tablas ;
Dimensiones 17 x 23 cm.
650 26 - ASIENTO SECUNDARIO DE MATERIA - TERMINO TEMATICO
Término temático o nombre geográfico como elemento de entrada Biodiversidad
Subdivisión general Registros de investigación
9 (RLIN) 87289
650 26 - ASIENTO SECUNDARIO DE MATERIA - TERMINO TEMATICO
Término temático o nombre geográfico como elemento de entrada Biodiversidad
Subdivisión general Sistemas de información
9 (RLIN) 87290
650 26 - ASIENTO SECUNDARIO DE MATERIA - TERMINO TEMATICO
Término temático o nombre geográfico como elemento de entrada Bases de datos
9 (RLIN) 87291
700 1# - ASIENTO SECUNDARIO - NOMBRE PERSONAL
Nombre personal Rivera-Gutiérrez, Héctor Fabio
Término de relación autor
9 (RLIN) 2034
700 1# - ASIENTO SECUNDARIO - NOMBRE PERSONAL
Nombre personal Varón Londoño, Andrés
Término de relación autor
9 (RLIN) 4955
700 1# - ASIENTO SECUNDARIO - NOMBRE PERSONAL
Nombre personal Ramón, Nelson Andrés
Término de relación autor
9 (RLIN) 4956
942 ## - ELEMENTOS ADICIONALES (KOHA)
Tipo de ítem Libro
Sistema de clasificación Dewey Decimal Classification
Existencias
Withdrawn status Lost status Sistema de Clasificación Damaged status No para préstamo Colección Inventariado Ubicación Permanente Ubicación actual Fecha de adquisición Fuente de Valor Valor Total Checkouts Número topográfico Inventario / Código de Barras Date last seen Ejemplar Price effective from Forma de adquisición Tipo de material
    Dewey Decimal Classification     Humboldt Inventariado 2017 Bogotá Bogotá 09/11/2005 Instituto 20000.00   IAVH-025.3 S96e 022066 04/12/2012 Ej. 1 04/12/2012 Institucional Libro
    Dewey Decimal Classification     Humboldt Inventariado 2017 Bogotá Bogotá 09/11/2005 Instituto 20000.00   IAVH-025.3 S96e 022070 04/12/2012 Ej. 2 04/12/2012 Institucional Libro
    Dewey Decimal Classification     Humboldt Inventariado 2017 Bogotá Bogotá 09/11/2005 Instituto 20000.00   IAVH-025.3 S96e 022067 04/12/2012 Ej. 3 04/12/2012 Institucional Libro
    Dewey Decimal Classification     Humboldt   Bogotá Bogotá 24/01/2020       IAVH-025.3 S96e 044015 24/01/2020 Ej. 6 24/01/2020 Institucional Libro
    Dewey Decimal Classification     Humboldt   Bogotá Bogotá 28/01/2020       IAVH-025.3 S96e 044025 28/01/2020 Ej. 7 28/01/2020 Institucional Libro
    Dewey Decimal Classification     Humboldt Inventariado 2017 Sala Fabio Quevedo Sala Fabio Quevedo 18/07/2014 Instituto 20000.00   IAVH-025.3 S96e 022069 04/12/2012 Ej. 4 04/12/2012   Libro
    Dewey Decimal Classification     Humboldt Inventariado 2017 Sala Fabio Quevedo Sala Fabio Quevedo 18/07/2014 Instituto 20000.00   IAVH-025.3 S96e 022071 04/12/2012 Ej. 5 04/12/2012   Libro
    Local     Humboldt Inventariado 2017 Villa de Leyva Villa de Leyva 09/11/2005 Instituto 20000.00   IAVH-00402 022068 04/12/2012 Ej. 1 04/12/2012 Institucional Libro